| 000 | 00632nam a2200205Ia 4500 | ||
|---|---|---|---|
| 003 | OSt | ||
| 005 | 20251105110828.0 | ||
| 008 | 210210b2004 xxu||||| |||| 00| 0 eng d | ||
| 040 | _cAL | ||
| 041 | _aKannada | ||
| 082 | _aK894.109 MADP | ||
| 100 |
_aMADHUKARA YAKKUNDI. _dಮಧುಕರ ಯಕ್ಕುಂಡಿ _9244024 |
||
| 245 |
_aPurandaradasa-kirtana. _b ಪುರಂದರದಾಸ-ಕೀರ್ತನ |
||
| 260 |
_aBengaluru _bKarnataka Sahitya Akademi _c2004 |
||
| 300 | _av,218 | ||
| 650 |
_aPurandaradasara kirtanegalu _9244025 |
||
| 690 |
_aKannada Poetry Criticism _9244026 |
||
| 906 | _aSG04506 | ||
| 942 |
_2ddc _cBK |
||
| 999 |
_c115335 _d115335 |
||